QMJHL - Name all the teams - Statistics

General Stats
  • This quiz has been taken 105 times
    34 since last reset
  • The average score is 13 of 18
Answer Stats
Teams % Correct
Remparts
95%
Olympiques
86%
Voltigeurs
86%
Wildcats
82%
Océanic
77%
Saguenéens
77%
Sea Dogs
77%
Armada
73%
Drakkar
73%
Huskies
73%
Islanders
73%
Mooseheads
73%
Cataractes
68%
Foreurs
68%
Tigres
68%
Eagles
64%
Phoenix
64%
Regiment
59%
No matching quizzes found
Score Distribution
Percent of People with Each Score
Percentile by Number Answered
Your Score History
You have not taken this quiz since the last reset